Statistics for Radiohead songs

Click here to take the quiz!

General Stats

  • This quiz has been taken 16 times
  • The average score is 58 of 101

Answer Stats

HintAnswer% Correct
2Creep
100%
1Everything In Its Right Place
91%
4Exit Music (For a Film)
91%
6Karma Police
91%
10No Surprises
91%
2The Bends
91%
1Airbag
82%
9Climbing Up the Walls
82%
4Fake Plastic Trees
82%
7Fitter Happier
82%
4How to Disappear Completely
82%
7Just
82%
2Kid A
82%
5Let Down
82%
8My Iron Lung
82%
2Paranoid Android
82%
3Subterranean Homesick Alien
82%
3The National Anthem
82%
4Weird Fishes/Arpeggi
82%
6Anyone Can Play Guitar
73%
10Black Star
73%
6Codex
73%
8Electioneering
73%
8Idioteque
73%
5Lotus Flower
73%
11Lucky
73%
10Motion Picture Soundtrack
73%
1Planet Telex
73%
2Pyramid Song
73%
12Street Spirit (Fade Out)
73%
5Treefingers
73%
115 Step
64%
12 + 2 = 5
64%
9Bullet Proof... I Wish I Was
64%
1Burn the Witch
64%
2Daydreaming
64%
8House Of Cards
64%
9Jigsaw Falling Into Place
64%
6Knives Out
64%
6(Nice Dream)
64%
3Nude
64%
4Stop Whispering
64%
11Sulk
64%
12The Tourist
64%
11True Love Waits
64%
8Vegetable
64%
1You
64%
14A Wolf at the Door
55%
1Bloom
55%
12Blow Out
55%
5Bones
55%
5Ful Stop
55%
3High and Dry
55%
7In Limbo
55%
11Life in a Glasshouse
55%
9Morning Bell
55%
7Morning Bell/Amnesiac
55%
6Optimistic
55%
3Pulk/Pull Revolving Doors
55%
7Reckoner
55%
7Ripcord
55%
11Untitled
55%
10Videotape
55%
4You and Whose Army?
55%
5All I Need
45%
2Bodysnatchers
45%
6Faust Arp
45%
3How Do You?
45%
9Hunting Bears
45%
10I Can't
45%
5I Might Be Wrong
45%
10I Will
45%
11Lurgee
45%
2Morning Mr. Magpie
45%
12Myxomatosis
45%
1Packt Like Sardines in a Crushd Tin Box
45%
5Thinking About You
45%
11A Punch Up at a Wedding
36%
3Decks Dark
36%
4Desert Island Disk
36%
8Dollars and Cents
36%
6Glass Eyes
36%
7Identikit
36%
10Like Spinning Plates
36%
9Present Tense
36%
3Sail to the Moon
36%
8Separator
36%
9There, There
36%
7Give Up The Ghost
27%
5Go To Sleep
27%
3Little By Little
27%
9Prove Yourself
27%
13Scatterbrain
27%
2Sit Down, Stand Up
27%
8The Gloaming
27%
10Tinker Tailor Soldier Sailor Rich Man Poor Man Beggar Man Thief
27%
7We Suck Young Blood
27%
6Where I End and You Begin
27%
4Backdrifts
18%
4Feral
18%
8The Numbers
18%

Score Distribution

Percentile by Number Answered

Percent of People with Each Score

Your Score History

You have not taken this quiz